Wo haben die Spieler gespielt? Fußball Deutschland Pt. 2 - Statistiken

Allgemein
  • Dieses Quiz wurde 144 mal gespielt
  • Das Durchschnittsergebnis liegt bei 7 aus 12
Antwortstatistiken
Spieler Team % Korrekt
Michael BallackDominique Heintz Philipp Hofmann Miroslav Klose Simon Zoller 1. FC Kaiserslautern
85%
Łukasz PiszczekMitchell Weiser Genki Haraguchi Davie Selke Pierre-Michel Lasogga Hertha BSC Berlin
85%
Hans SarpeiJermaine Jones Emre Can Sebastian Boenisch Julian Brandt Bayer 04 Leverkusen
77%
Amin YounesMartin Hinteregger Dieter Hecking Branimir Hrgota Mahmoud Dahoud Borussia Mönchengladbach
75%
Jonathan PitroipaTobias Willi Felix Klaus Roman Bürki Vladimir Darida SC Freiburg
72%
Robin ZentnerSalih Özcan Fabian Reese Jonas Meffert Dominick Drexler Holstein Kiel
62%
Vedad IbiševičIvica Grlic Marco Höger Benjamin Auer Lewis Holtby Alemannia Aachen
47%
Daniel ThiouneMarcus Feinbier Babacar N'Diaye Marco Reus Kevin Großkreutz Rot-Weiss Ahlen
46%
Edmond KapllaniMaximilian Nicu Merveille Biankadi Jan Washausen Nick Woltemade SV Elversberg
38%
Michael ThurkSebastian Grießbeck Hauke Wahl Tobias Mohr Florian Niederlechner FC Heidenheim
35%
Jörg BöhmeAytaç Sulu Marcel Bär Raphael Obermair Kevin Pannewitz Carl Zeiss Jena
27%
Mergim BerishaJan Löhmannsröben Steffen Baumgart Timo Perthel Marius Bülter 1. FC Magdeburg
26%
Keine übereinstimmenden Quizze gefunden
Verteilung der Resultate
Anzahl Personen mit jedem Resultat
Perzentil nach korrekt beantworteten Fragen
Ihre Resultats-Entwicklung
Sie haben dieses Quiz noch nicht gespielt